000 00396nam a2200145Ia 4500
008 160319s9999 xx 000 0 und d
020 _a9711900971
050 _bB352b 1983
100 _aBautista, Lualhati
245 _aBata, bata…pa'no ka ginawa? /
245 _cLualhati Bautista.
260 _bNational Bookstore
300 _a239 pages :
650 _aSocio-cultural values -- Filipinos
999 _c292293
_d292293